000 00913cam a22003014a 4500
001 328
003 BD-RjUL
005 20211208233147.0
008 990908s2000 cau b 001 0 eng d
020 _a1558604308
020 _a8178670402
035 _a(BD-RjUL)345
040 _aDLC
_cDLC
_dDLC
_dBD-RjUL
_beng
041 _aeng
082 0 0 _a006.7
_221
_bSIM 2000
100 1 _aSitaram, Dinkar.
_91043
245 1 0 _aMultimedia servers :
_bapplications, environments, and design /
_cDinkar Sitaram and Asit Dan.
260 _aSan Francisco, Calif. :
_bMorgan Kaufman Pub,
_cc2000.
300 _axxii, 297 p. :
_bill. ;
_c24 cm.
504 _aIncludes bibliographical references (p. 273-278)
526 _bComputer Science
650 0 _aMultimedia systems.
_91044
650 0 _aWeb servers.
_91045
700 1 _aDan, Asit.
_91046
942 _2ddc
_cBK
999 _c328
_d328